| 000 | 00900cam a22002057a 4500 | ||
|---|---|---|---|
| 020 | _a9058095622 | ||
| 082 | 0 | 0 |
_a624 _bMOO _cN-01, P-146 |
| 110 | 2 |
_aInternational Affiliation of Land Reclamationists. _942264 |
|
| 245 | 1 | 0 |
_aLand reclamation _bextending the boundaries : proceedings of the Seventh International Conference of the International Affiliation of Land Reclamationists, Runcorn, United Kingdom, 13-16 May 2003 / _cedited by Heather M. Moore & Howard R. Fox, Scott Elliott. |
| 260 |
_aLisse ; _aExton (PA) : _bBalkema, _cc2003. |
||
| 526 |
_a0 _b0 _c0 _d624_000000000000000_MOO |
||
| 650 | 0 |
_aNUST _96342 |
|
| 650 | 0 |
_aReclamation of land _942265 |
|
| 650 | 0 |
_aRestoration ecology _92513 |
|
| 700 | 1 |
_aElliott, Scott, _942266 |
|
| 700 | 1 |
_aFox, Howard R. _942267 |
|
| 700 | 1 |
_aMoore, Heather M. _942268 |
|
| 856 | 4 | 0 | _uhttp://www.columbia.edu/cgi-bin/cul/resolve?clio9126700 |
| 942 |
_2ddc _cBK |
||
| 999 |
_c546182 _d546182 |
||